Laddar...

Vocationalising Arts, Commerce and Science

Bibliografiska uppgifter
Huvudupphovsman: S. B Nimse
Språk:Undetermined
Ämnen:
UGC
LEADER 00621nab a2200193Ia 4500
008 170811c99999999xx |||||||||||| ||und||
100 |a S. B Nimse 
245 |a Vocationalising Arts, Commerce and Science 
300 |a 1-4 
653 |a  Indian higher education 
653 |a  Job market 
653 |a  Science education 
653 |a  UGC 
653 |a  Vocationalisation 
653 |a Higher education 
773 |t University News   |g Vol. 50 No. 46 (12/11/2012) 2012 
942 |c ART 
999 |c 179696  |d 179696 
952 |0 0  |1 0  |4 0  |7 0  |9 245544  |a LIB  |b LIB  |d 2017-08-13  |h Vol. 50 No. 46 (12/11/2012) 2012  |r 2017-08-13  |w 2017-08-13  |y ART